Les pires punchs du rap fr - Statistiques

Statistiques générales
  • Ce quiz a été pris 275 fois
  • Le résultat moyen est 5 sur 13
Statistiques - réponses
Hint Réponse % Correct
Si je sors la AK je sais qu'ils feront tous caca Lacrim
81%
Ma sœur me dit "arrête de mettre des casquettes, tu vas finir chauve" mais si je finis chauve, je mettrais des casquettes Nekfeu
65%
Pour t’oublier j’ai dû t’imaginer en train de chier Gims
47%
Si ton iPhone explose à cause de la batterie, c’est la merde, mais ne confond pas siri et la Syrie La Fouine
45%
La vie de ma mère, j’ai trop d’inspi. Ça sort de mon corps comme si j’avais lâché une crotte Gradur
43%
C’est pas Yves Montand qui m’a fait monter Heuss l’enfoiré
42%
Gros là c’est chaud, c’est Chocapic Sofiane
42%
Tu sers à rien comme un brocoli Niska
40%
Je mets le maillot du Japon mais je vais pas parler chinois Jul
28%
Je pourrais même fourrer Martine Aubry, Au p'tit dej' j'me fais une tartine au brie Alkpote
26%
Dites à Donald qu’il s’Trump Black M
26%
Ma bite n’a pas d’oeil mais elle a du flair : tu pues du cul Rohff
19%
Toi tu rappes au Milan car tes couplets sont cacas Akhenaton
1%
Aucun quiz correspondant
Distribution des résultats
% des personnes avec chaque résultat
Percentile par nombre de réponses
Votre historique - résultats
Vous n’avez pas pris ce quiz